[Event "Belgrade-chT2 Quality"]
[Site "Belgrade"]
[Date "2022.10.22"]
[Round "3.1"]
[White "Mitic, Miroslav"]
[Black "Lazarevic, Zoran Voj"]
[Result "1-0"]
[WhiteElo "1945"]
[BlackElo "2101"]
[PlyCount "174"]
[EventDate "2022.10.15"]
[EventType "team-tourn"]
[EventRounds "13"]
[EventCountry "SRB"]
[SourceTitle "EXT 2024"]
[Source "ChessBase"]
[SourceDate "2023.10.10"]
[SourceVersion "1"]
[SourceVersionDate "2023.10.10"]
[SourceQuality "1"]
[WhiteTeam "Lazarevac Kolubara"]
[BlackTeam "Belgrade BASK"]
[WhiteTeamCountry "SRB"]
[BlackTeamCountry "SRB"]

1. d4 Nf6 2. c4 e6 3. Nc3 Bb4 4. Qc2 c5 5. e3 b6 6. Nf3 Bb7 7. a3 Bxc3+ 8. Qxc3 0-0 9. Be2 cxd4 10. exd4 d5 11. b3 h6 12. 0-0 Nc6 13. Rd1 dxc4 14. bxc4 Rc8 15. Bb2 Qe7 16. Rac1 Rfd8 17. Qe3 Ba6 18. h3 Na5 19. Ne5 Nd7 20. d5 exd5 21. Rxd5 Nf6 22. Rxd8+ Rxd8 23. Bf3 Bb7 24. Bxb7 Nxb7 25. Qc3 Qd6 26. Ng4 Ne8 27. Re1 Qg6 28. Ne5 Qf6 29. Qc2 Qd6 30. Qf5 Qc7 31. Qf3 Nbd6 32. Ng4 f6 33. Ne3 Qf7 34. Rc1 Rc8 35. Qf4 Qg6 36. Rd1 Nb7 37. Kh2 Nc5 38. Nd5 Qf7 39. Qg4 Rc6 40. Re1 Re6 41. Rd1 Kf8 42. Bc3 Re4 43. Qc8 Qb7 44. Qf5 Rxc4 45. Qh7 Qf7 46. Bb4 a5 47. Re1 Nd6 48. Nxb6 axb4 49. Nxc4 Qxc4 50. axb4 Qxb4 51. Rb1 Qd4 52. Kg1 Kf7 53. Qc2 Qe4 54. Qa2+ Kg6 55. Rd1 Nf5 56. Qd5 Qxd5 57. Rxd5 Ne6 58. g3 h5 59. Kg2 Nh6 60. Ra5 Nf7 61. Ra6 Nfd8 62. Rd6 Kf5 63. Rd5+ Kg6 64. Rd6 f5 65. Kf3 Kf6 66. Ra6 Nf7 67. Kg2 Nfg5 68. f3 Nh7 69. f4 Nhf8 70. Kf3 Nd7 71. g4 h4 72. Rd6 Ndc5 73. Rd5 g6 74. Rd1 Ke7 75. Rd5 Kf6 76. Rd1 Nb3 77. Ke3 Nbc5 78. Rd5 Ne4 79. Rd7 Nf8 80. Ra7 Nc5 81. Kf3 Ncd7 82. Ra8 Kg7 83. Ra7 Kf7 84. Rc7 Ke7 85. Rc6 Ne6 86. Rc8 Nf6 87. Rh8 Ne4 1-0

[Event "Belgrade-chT Quality"]
[Site "Belgrade"]
[Date "2021.11.06"]
[Round "7.1"]
[White "Lazarevic, Zoran Voj"]
[Black "Radojicic, Aleksandar M"]
[Result "0-1"]
[WhiteElo "2120"]
[BlackElo "2036"]
[PlyCount "69"]
[EventDate "2021.10.16"]
[EventType "team-tourn"]
[EventRounds "11"]
[EventCountry "SRB"]
[SourceTitle "EXT 2023"]
[Source "ChessBase"]
[SourceDate "2022.10.05"]
[SourceVersion "1"]
[SourceVersionDate "2022.10.05"]
[SourceQuality "1"]
[WhiteTeam "Belgrade Bask"]
[BlackTeam "Belgrade Zemun"]
[WhiteTeamCountry "SRB"]
[BlackTeamCountry "SRB"]

1. e4 c5 2. Nf3 a6 3. d4 cxd4 4. Nxd4 Nf6 5. Nc3 e5 6. Nb3 Bb4 7. Qd3 Qc7 8. Bd2 d6 9. 0-0-0 0-0 10. Bg5 Bxc3 11. Bxf6 gxf6 12. bxc3 Rd8 13. Qg3+ Kf8 14. Qh4 Ke7 15. Rd3 Be6 16. Rf3 Nd7 17. g4 Rg8 18. h3 Qc6 19. Re3 a5 20. Kd2 a4 21. Nc1 Rac8 22. Bg2 b5 23. Rd1 h5 24. Bf3 b4 25. gxh5 bxc3+ 26. Ke2 Qc4+ 27. Red3 Nc5 28. h6 Nxd3 29. Rxd3 Rg1 30. h7 Rh8 31. Qh6 Rxh7 32. Qe3 Rxh3 33. Qb6 Kf8 34. Qxd6+ Kg7 35. Qa3 0-1

[Event "Belgrade-chT Quality"]
[Site "Belgrade"]
[Date "2020.11.07"]
[Round "8.1"]
[White "Savic, Nemanja"]
[Black "Lazarevic, Zoran Voj"]
[Result "0-1"]
[WhiteElo "2110"]
[BlackElo "2132"]
[PlyCount "92"]
[EventDate "2020.10.09"]
[EventType "team-tourn"]
[EventRounds "9"]
[EventCountry "SRB"]
[SourceTitle "EXT 2022"]
[Source "ChessBase"]
[SourceDate "2021.10.06"]
[SourceVersion "1"]
[SourceVersionDate "2021.10.06"]
[SourceQuality "1"]
[WhiteTeam "Belgrade Batajnica"]
[BlackTeam "Belgrade Bask"]
[WhiteTeamCountry "SRB"]
[BlackTeamCountry "SRB"]

1. e4 c5 2. Nc3 e6 3. f4 Nc6 4. Nf3 g6 5. e5 d5 6. exd6 Bxd6 7. d4 cxd4 8. Nxd4 Nxd4 9. Qxd4 Nf6 10. Bb5+ Kf8 11. Be3 Be7 12. Qe5 Rg8 13. Qg5 Kg7 14. Rd1 Nd5 15. Bd4+ f6 16. Nxd5 exd5 17. 0-0 Bc5 18. Qg3 Bxd4+ 19. Rxd4 Qb6 20. Qe3 Qxb5 21. Qe7+ Kh6 22. Qxf6 Qc6 23. Qg5+ Kg7 24. Re1 Re8 25. Re7+ Rxe7 26. Qxe7+ Kg8 27. Qd8+ Kf7 28. Qh8 b6 29. Qxh7+ Ke8 30. Qg8+ Ke7 31. Rxd5 Bd7 32. Qg7+ Kd8 33. Qh8+ Kc7 34. Qe5+ Kb7 35. Qd4 Rd8 36. h3 Kc7 37. Qe5+ Kc8 38. Kh2 Re8 39. Qd4 Qc7 40. c4 Bc6 41. Rd6 g5 42. c5 Re2 43. Kg1 Rxg2+ 44. Kf1 Rg3 45. cxb6 axb6 46. fxg5 Rxg5 0-1

[Event "Belgrade-chT Quality"]
[Site "Belgrade"]
[Date "2019.10.19"]
[Round "5.3"]
[White "Popadic, Dragan B"]
[Black "Lazarevic, Zoran Voj"]
[Result "1/2-1/2"]
[WhiteElo "2113"]
[BlackElo "2134"]
[PlyCount "120"]
[EventDate "2019.10.05"]
[EventType "team-tourn"]
[EventRounds "11"]
[EventCountry "SRB"]
[SourceTitle "EXT 2022"]
[Source "ChessBase"]
[SourceDate "2021.10.06"]
[SourceVersion "1"]
[SourceVersionDate "2021.10.06"]
[SourceQuality "1"]
[WhiteTeam "NBSK"]
[BlackTeam "Bask"]
[WhiteTeamCountry "SRB"]
[BlackTeamCountry "SRB"]

1. e4 c5 2. Nf3 d6 3. Bb5+ Nd7 4. 0-0 Ngf6 5. Re1 e6 6. d4 cxd4 7. Qxd4 Be7 8. c4 0-0 9. Nc3 a6 10. Bxd7 Bxd7 11. Bg5 Rc8 12. Rad1 Qc7 13. Rc1 h6 14. Bh4 Rfd8 15. b3 Qb8 16. h3 b5 17. Nd2 Bc6 18. Nd5 Nxd5 19. exd5 Bxh4 20. Qxh4 exd5 21. cxb5 Qxb5 22. Nf3 Bd7 23. Qe7 Qb6 24. Rcd1 Be6 25. Nd4 Re8 26. Qh4 Qb4 27. Qf4 Bd7 28. Re3 Rxe3 29. fxe3 Re8 30. Rf1 f6 31. Rf3 Re5 32. Qg3 Qd2 33. Qf2 Qxf2+ 34. Kxf2 Re8 35. Ke2 Rc8 36. Kd2 Kf7 37. Rf1 h5 38. Rc1 Rc5 39. b4 Rc4 40. Rxc4 dxc4 41. Kc3 d5 42. Ne2 g5 43. Kd4 Ke6 44. Nc3 Bc6 45. a4 Kd6 46. b5 axb5 47. axb5 Bb7 48. g3 h4 49. gxh4 gxh4 50. Ne2 Bc8 51. Nf4 Be6 52. Nxe6 Kxe6 53. e4 dxe4 54. Kxe4 Kd6 55. Kd4 c3 56. Kxc3 Kc5 57. Kd3 Kxb5 58. Ke4 Kc5 59. Kf5 Kd6 60. Kxf6 Kd7 1/2-1/2

[Event "Belgrade-chTB Quality"]
[Site "Belgrade"]
[Date "2018.09.29"]
[Round "1.1"]
[White "Lazarevic, Zoran Voj"]
[Black "Milosevic, Milos"]
[Result "1/2-1/2"]
[WhiteElo "2155"]
[BlackElo "2292"]
[PlyCount "147"]
[EventDate "2018.09.29"]
[EventType "team-tourn"]
[EventRounds "11"]
[EventCountry "SRB"]
[SourceTitle "CBM 187 Extra"]
[Source "ChessBase"]
[SourceDate "2018.11.04"]
[SourceVersion "1"]
[SourceVersionDate "2018.11.04"]
[SourceQuality "1"]
[WhiteTeam "Belgrade BASK"]
[BlackTeam "Belgrade Turbina"]
[WhiteTeamCountry "SRB"]
[BlackTeamCountry "SRB"]

1. e4 c5 2. Nf3 d6 3. d4 cxd4 4. Nxd4 Nf6 5. Nc3 a6 6. g3 e5 7. Nb3 b5 8. Bg2 Be7 9. 0-0 0-0 10. Nd5 Be6 11. Nxe7+ Qxe7 12. Bg5 Bc4 13. Re1 a5 14. Qd2 Nc6 15. Rad1 Rfd8 16. Nc1 Be6 17. c3 h6 18. Bxf6 Qxf6 19. Qe3 Rab8 20. Re2 b4 21. Red2 Qe7 22. b3 bxc3 23. Qxc3 Rbc8 24. Qe3 Nb4 25. Qb6 Qc7 26. Qxc7 Rxc7 27. Nd3 Nxd3 28. Rxd3 Rc2 29. R3d2 Rdc8 30. f3 Kf8 31. Kf2 Ke7 32. Ke2 f5 33. Rxc2 Rxc2+ 34. Rd2 Rc5 35. Kd3 d5 36. Rc2 Kd6 37. Rxc5 Kxc5 38. exd5 Bxd5 39. Kc3 g5 40. Bh3 f4 41. gxf4 exf4 42. Bg4 Bf7 43. a3 h5 44. b4+ axb4+ 45. axb4+ Kd6 46. Bf5 Ke5 47. Be4 Be8 48. Kd2 Kd4 49. Bd3 Bc6 50. Ke2 Bd7 51. Bg6 Bb5+ 52. Kd2 h4 53. Bf5 Bc6 54. Ke2 Kc3 55. Kf2 Kxb4 56. Be6 Kc3 57. Bf5 Kd4 58. Be6 Ke5 59. Bc8 Bd5 60. Bg4 Kf6 61. Bc8 Be6 62. Bb7 Kg6 63. Be4+ Kh5 64. Bc6 g4 65. fxg4+ Kxg4 66. Kg2 Kg5 67. Be4 Kf6 68. Kf2 Ke5 69. Bf3 Bd5 70. Bg4 Kf6 71. Be2 Kg5 72. Bd1 Be6 73. Bf3 Bg4 74. Be4 1/2-1/2

[Event "Belgrade Cup 16th"]
[Site "Belgrade"]
[Date "2016.05.12"]
[Round "4.1"]
[White "Lazarevic, Zoran Voj"]
[Black "Savic, Dragoljub"]
[Result "1-0"]
[WhiteElo "2148"]
[BlackElo "2102"]
[PlyCount "55"]
[EventDate "2016.05.09"]
[EventType "team-swiss"]
[EventRounds "5"]
[EventCountry "SRB"]
[SourceTitle "CBM 172 Extra"]
[Source "ChessBase"]
[SourceDate "2016.06.21"]
[SourceVersion "1"]
[SourceVersionDate "2016.06.21"]
[SourceQuality "1"]
[WhiteTeam "BASK"]
[BlackTeam "Lasta"]
[WhiteTeamCountry "SRB"]
[BlackTeamCountry "SRB"]

1. e4 c5 2. Nf3 Nc6 3. d4 cxd4 4. Nxd4 Nf6 5. Nc3 d6 6. Bg5 e6 7. Qd2 a6 8. f4 Bd7 9. 0-0-0 b5 10. Bxb5 axb5 11. Ndxb5 Qb8 12. Nxd6+ Bxd6 13. Qxd6 h6 14. Bxf6 Qxd6 15. Rxd6 gxf6 16. Rhd1 Ra7 17. b3 Ke7 18. Kb2 Rb8 19. R6d3 Na5 20. a4 Bc6 21. g3 Nb7 22. Ka3 Nc5 23. Rd4 h5 24. Rc4 Ra5 25. b4 Bxa4 26. bxa5 Bxc2 27. Rxc5 Rb3+ 28. Ka2 1-0

[Event "Belgrade-chT"]
[Site "Belgrade"]
[Date "2014.11.04"]
[Round "12"]
[White "Jocic, Slavoljub"]
[Black "Lazarevic, Zoran Voj"]
[Result "0-1"]
[WhiteElo "2200"]
[BlackElo "2125"]
[PlyCount "78"]
[EventDate "2014.10.04"]
[EventType "team-tourn"]
[EventRounds "13"]
[EventCountry "SRB"]
[SourceTitle "EXT 2015"]
[Source "ChessBase"]
[SourceDate "2014.11.20"]
[SourceVersion "1"]
[SourceVersionDate "2014.11.20"]
[SourceQuality "1"]

1. d4 Nf6 2. Nf3 g6 3. Bg5 Ne4 4. Bf4 Bg7 5. Nbd2 Nxd2 6. Qxd2 c5 7. Bh6 Bxd4 8. Nxd4 cxd4 9. 0-0-0 f6 10. Qxd4 Nc6 11. Qc3 d6 12. e4 Be6 13. f4 Qa5 14. Qxa5 Nxa5 15. e5 dxe5 16. fxe5 Kf7 17. Bd3 Rad8 18. Rhf1 Rd7 19. Bg5 Rd5 20. Rde1 Rc8 21. Kb1 Nc4 22. Bf4 Bf5 23. Bxf5 gxf5 24. exf6 Kxf6 25. Re2 e5 26. Bc1 Rcd8 27. b3 Nd2+ 28. Bxd2 Rxd2 29. Rff2 Rxe2 30. Rxe2 f4 31. Kc1 Kf5 32. Rd2 Rxd2 33. Kxd2 h5 34. c4 h4 35. b4 Ke4 36. Ke2 Kd4 37. Kf3 e4+ 38. Kxf4 e3 39. Kf3 Kd3 0-1

[Event "Belgrade City-chT"]
[Site "Belgrade"]
[Date "2013.11.13"]
[Round "9"]
[White "Milekic, Daniel"]
[Black "Lazarevic, Zoran Voj"]
[Result "1/2-1/2"]
[WhiteElo "2224"]
[BlackElo "2122"]
[PlyCount "49"]
[EventDate "2013.10.26"]
[EventType "team-tourn"]
[EventRounds "11"]
[EventCountry "SRB"]
[SourceTitle "EXT 2015"]
[Source "ChessBase"]
[SourceDate "2014.11.20"]
[SourceVersion "1"]
[SourceVersionDate "2014.11.20"]
[SourceQuality "1"]

1. d4 d5 2. c4 c6 3. Nf3 Nf6 4. e3 a6 5. Nc3 e6 6. b3 Be7 7. Bd3 Nbd7 8. 0-0 0-0 9. Bb2 c5 10. cxd5 exd5 11. Ne5 cxd4 12. exd4 Re8 13. f4 b5 14. Qf3 Bb7 15. Qh3 Nf8 16. Rad1 Qb6 17. Kh1 Rac8 18. Ne2 Ne4 19. Qh5 g6 20. Qh6 f6 21. Nf3 f5 22. Ne5 Qf6 23. Qh3 Rc7 24. g4 Bc8 25. gxf5 1/2-1/2

[Event "Belgrade-chT Quality"]
[Site "Belgrade"]
[Date "2012.10.30"]
[Round "8.2"]
[White "Kosanovic, Dragan"]
[Black "Lazarevic, Zoran Voj"]
[Result "0-1"]
[WhiteElo "2341"]
[BlackElo "2117"]
[PlyCount "71"]
[EventDate "2012.10.13"]
[EventType "team-tourn"]
[EventRounds "11"]
[EventCountry "SRB"]
[SourceTitle "EXT 2019"]
[Source "ChessBase"]
[SourceDate "2018.10.10"]
[SourceVersion "1"]
[SourceVersionDate "2018.10.10"]
[SourceQuality "1"]

1. d4 Nf6 2. c4 g6 3. Nc3 d5 4. e3 Bg7 5. Nf3 0-0 6. b4 a5 7. b5 c5 8. bxc6 Nxc6 9. Be2 Bg4 10. 0-0 dxc4 11. Qa4 e5 12. dxe5 Nd7 13. Ba3 Re8 14. Rad1 Bxf3 15. Bxf3 Ncxe5 16. Bxb7 Rb8 17. Be4 Qc8 18. Bd6 Nc5 19. Qa3 Nxe4 20. Nxe4 Ra8 21. Be7 Qe6 22. Bh4 Nd3 23. Ng5 Qf5 24. Nf3 Rec8 25. Bg3 Qe6 26. Nd4 Qd5 27. Ne2 Qb5 28. Rb1 Nb4 29. Rfc1 Qd5 30. Rd1 Qc6 31. Rbc1 Nd3 32. Rb1 Nb4 33. Rdc1 Nd3 34. Rc2 h5 35. h4 Nb4 36. Rcc1 0-1

[Event "Belgrade-ch"]
[Site "Belgrade"]
[Date "2012.01.23"]
[Round "2"]
[White "Lazarevic, Zoran Voj"]
[Black "Radovanovic, Dusan"]
[Result "1/2-1/2"]
[WhiteElo "2123"]
[BlackElo "2367"]
[PlyCount "44"]
[EventDate "2012.01.22"]
[EventType "swiss"]
[EventRounds "9"]
[EventCountry "SRB"]
[SourceTitle "CBM 146 Extra"]
[Source "ChessBase"]
[SourceDate "2012.02.29"]
[SourceVersion "1"]
[SourceVersionDate "2012.02.29"]
[SourceQuality "1"]

1. e4 c5 2. Nf3 Nc6 3. d4 cxd4 4. Nxd4 Nf6 5. Nc3 d6 6. Bg5 g6 7. Bxf6 exf6 8. Bc4 Bg7 9. Ndb5 0-0 10. Qxd6 f5 11. 0-0-0 Qb6 12. f3 fxe4 13. Nxe4 Bf5 14. Qc5 Qa5 15. Nbd6 Bxe4 16. Qxa5 Nxa5 17. fxe4 Be5 18. Be2 Rad8 19. Nc4 Nxc4 20. Bxc4 Bf4+ 21. Kb1 Bxh2 22. Bd5 Be5 1/2-1/2

[Event "Belgrade Trophy 25th"]
[Site "Obrenovac"]
[Date "2011.12.01"]
[Round "8"]
[White "Sorgic, Dragan"]
[Black "Lazarevic, Zoran Voj"]
[Result "1-0"]
[WhiteElo "2246"]
[BlackElo "2130"]
[PlyCount "57"]
[EventDate "2011.11.24"]
[EventType "swiss"]
[EventRounds "9"]
[EventCountry "YUG"]
[SourceTitle "CBM 145 Extra"]
[Source "ChessBase"]
[SourceDate "2012.01.03"]
[SourceVersion "1"]
[SourceVersionDate "2012.01.03"]
[SourceQuality "1"]

1. e4 c5 2. Nf3 d6 3. d4 cxd4 4. Nxd4 Nf6 5. Nc3 a6 6. Bg5 e6 7. f4 Qb6 8. a3 Be7 9. Nb3 Nc6 10. Qf3 Qc7 11. 0-0-0 h6 12. Bh4 Bd7 13. Bf2 Na5 14. Nd4 Rc8 15. g4 e5 16. Nf5 Bxf5 17. gxf5 Nc4 18. Bxc4 Qxc4 19. Kb1 b5 20. Rhe1 0-0 21. Re2 b4 22. axb4 Qxb4 23. Bh4 Rb8 24. b3 Rfc8 25. Rd3 Rc5 26. Bxf6 Qa3 27. Rd5 Rxb3+ 28. cxb3 Qxb3+ 29. Rb2 1-0